000 00307nam a22001337a 4500
008 181011b xxu||||| |||| 00| 0 eng d
020 _a639785302025
041 _aeng
080 _a330.322
100 _a51
101 _aINV
245 _aIntroduction to Technical Analysis
_cPring,M.J
942 _2udc
_cBK
999 _c49393
_d49393